<?xml version="1.0" encoding="UTF-8"?>
<collection xmlns:xsi="http://www.w3.org/2001/XMLSchema-instance" xsi:schemaLocation="http://www.loc.gov/MARC21/slim http://www.loc.gov/standards/marcxml/schema/MARC21slim.xsd" xmlns="http://www.loc.gov/MARC21/slim">
 <record>
  <leader>00000caa a22000003a 4500</leader>
  <controlfield tag="001">UP-8027390931312503616</controlfield>
  <controlfield tag="003">Buklod</controlfield>
  <controlfield tag="005">20200324120335.0</controlfield>
  <controlfield tag="006">o--- |     ||   ||</controlfield>
  <controlfield tag="007">ta</controlfield>
  <controlfield tag="008">200324s        xx     d     r    |||| u|</controlfield>
  <datafield tag="022" ind1=" " ind2=" ">
   <subfield code="a">0022-3514</subfield>
  </datafield>
  <datafield tag="035" ind1=" " ind2=" ">
   <subfield code="a">(iLib)UPCEB-00011919372</subfield>
  </datafield>
  <datafield tag="040" ind1=" " ind2=" ">
   <subfield code="a">edz</subfield>
  </datafield>
  <datafield tag="100" ind1="0" ind2=" ">
   <subfield code="a">Aarts, Henk</subfield>
  </datafield>
  <datafield tag="245" ind1="0" ind2="4">
   <subfield code="a">Goal Contagion</subfield>
   <subfield code="b">Perceiving is for Pursuing. [article].</subfield>
  </datafield>
  <datafield tag="300" ind1=" " ind2=" ">
   <subfield code="a">pp.23-37.</subfield>
  </datafield>
  <datafield tag="520" ind1=" " ind2=" ">
   <subfield code="a">Six  studies examined the goal contagion hypothesis,  which claims that individuals may automatically adopt and pursue a goal that is implied by another person's behavior. Participants were briefly exposed to behavioral information implying a specific goal and were then given the opprotunity to act on the goal in a different way and context. Studies 1-3  established the goal contagion phenomenon by showing that the behavioral consequences of goal contagion posses features of goal directedness: (a) They are affected by goal strength, (b) they have the quality of goal appropriateness, and (c) they are characterized by persistence. Study 4-6 show that people do not automatically adopt goals when the observed goal pursuit is conducted in an unacceptable manner, because the goal will then be perceived as unattractive. The results are discussed in the context of recent research on automatic goal pursuits. -- (from the author)</subfield>
  </datafield>
  <datafield tag="650" ind1="1" ind2="7">
   <subfield code="a">Psychology-Periodicals.</subfield>
  </datafield>
  <datafield tag="773" ind1="0" ind2=" ">
   <subfield code="a">Journal of Personality and Social Psychology  87, 1 (2004).</subfield>
  </datafield>
  <datafield tag="942" ind1=" " ind2=" ">
   <subfield code="a">Analytics</subfield>
  </datafield>
 </record>
</collection>
